Report Of The Committee On Constitutional, Legal And Parliamentary Affairs on The Armed Forces ( Amendment ) Bill, 2022 (Record no. 3393)

MARC details
000 -LEADER
fixed length control field 00597nam a2200169Ia 4500
003 - CONTROL NUMBER IDENTIFIER
control field OSt
005 - DATE AND TIME OF LATEST TRANSACTION
control field 20260119131339.0
008 - FIXED-LENGTH DATA ELEMENTS--GENERAL INFORMATION
fixed length control field 240429s9999||||xx |||||||||||||| ||und||
041 ## - LANGUAGE CODE
Language code of text/sound track or separate title eng
082 ## - DEWEY DECIMAL CLASSIFICATION NUMBER
Classification number BR/AFB/22
100 ## - MAIN ENTRY--PERSONAL NAME
Personal name Parliament of Ghana
245 #0 - TITLE STATEMENT
Title Report Of The Committee On Constitutional, Legal And Parliamentary Affairs on The Armed Forces ( Amendment ) Bill, 2022
300 ## - PHYSICAL DESCRIPTION
Extent 9p
650 ## - SUBJECT ADDED ENTRY--TOPICAL TERM
Topical term or geographic name entry element The Armed Forces ( Amendment ) Bill, 2022 - Report Of The Committee On Constitutional, Legal And Parliamentary Affairs on The Armed Forces ( Ame
942 ## - ADDED ENTRY ELEMENTS (KOHA)
Koha item type Committee Reports
Source of classification or shelving scheme Dewey Decimal Classification
Suppress in OPAC No
Holdings
Withdrawn status Lost status Source of classification or shelving scheme Damaged status Not for loan Home library Current library Shelving location Date acquired Total checkouts Full call number Date last seen Copy number Price effective from Koha item type
    Dewey Decimal Classification     Main Library Main Library Open Shelves 22/08/2023   Acc No. 6578 29/04/2024 1 29/04/2024 Committee Reports
    Dewey Decimal Classification     Main Library Main Library Open Shelves 19/01/2026   Acc No. 6578 19/01/2026 C2 19/01/2026 Committee Reports
©2026  Parliament of Ghana Library - All rights reserved